Handbook of public administration

में बचाया:
ग्रंथसूची विवरण
स्वरूप: पुस्तक
भाषा:Undetermined
प्रकाशित: , CA Jossey-Bass 1996
विषय:
टैग : टैग जोड़ें
कोई टैग नहीं, इस रिकॉर्ड को टैग करने वाले पहले व्यक्ति बनें!
Thư viện lưu trữ: Trung tâm Học liệu Trường Đại học Cần Thơ
LEADER 00424nam a2200157Ia 4500
001 CTU_56178
008 210402s9999 xx 000 0 und d
082 |a 350 
082 |b H236 
245 0 |a Handbook of public administration 
245 0 |c Edited by James L. Perry 
260 |a , CA 
260 |b Jossey-Bass 
260 |c 1996 
650 |a public administration 
980 |a Trung tâm Học liệu Trường Đại học Cần Thơ